<?xml version="1.0" encoding="UTF-8"?><?xml-stylesheet type="text/xsl" href="static/style.xsl"?><OAI-PMH xmlns="http://www.openarchives.org/OAI/2.0/" xmlns:xsi="http://www.w3.org/2001/XMLSchema-instance" xsi:schemaLocation="http://www.openarchives.org/OAI/2.0/ http://www.openarchives.org/OAI/2.0/OAI-PMH.xsd"><responseDate>2026-04-17T18:52:36Z</responseDate><request verb="GetRecord" identifier="oai:riubu.ubu.es:10259/7536" metadataPrefix="marc">https://riubu.ubu.es/oai/request</request><GetRecord><record><header><identifier>oai:riubu.ubu.es:10259/7536</identifier><datestamp>2023-04-18T10:42:52Z</datestamp><setSpec>com_10259_4141</setSpec><setSpec>com_10259_5086</setSpec><setSpec>com_10259_2604</setSpec><setSpec>com_10259_4219</setSpec><setSpec>com_10259_4996</setSpec><setSpec>com_10259_3989</setSpec><setSpec>com_10259.4_106</setSpec><setSpec>com_10259_5377</setSpec><setSpec>com_10259_6688</setSpec><setSpec>col_10259_4142</setSpec><setSpec>col_10259_4220</setSpec><setSpec>col_10259_6689</setSpec><setSpec>col_10259_4999</setSpec><setSpec>col_10259_5378</setSpec></header><metadata><record xmlns="http://www.loc.gov/MARC21/slim" xmlns:doc="http://www.lyncode.com/xoai" xmlns:xsi="http://www.w3.org/2001/XMLSchema-instance" xmlns:dcterms="http://purl.org/dc/terms/" xsi:schemaLocation="http://www.loc.gov/MARC21/slim http://www.loc.gov/standards/marcxml/schema/MARC21slim.xsd">
<leader>00925njm 22002777a 4500</leader>
<datafield tag="042" ind1=" " ind2=" ">
<subfield code="a">dc</subfield>
</datafield>
<datafield tag="720" ind1=" " ind2=" ">
<subfield code="a">Ramírez Sanz, José Miguel</subfield>
<subfield code="e">author</subfield>
</datafield>
<datafield tag="720" ind1=" " ind2=" ">
<subfield code="a">Garrido Labrador, José Luis</subfield>
<subfield code="e">author</subfield>
</datafield>
<datafield tag="720" ind1=" " ind2=" ">
<subfield code="a">Olivares Gil, Alicia</subfield>
<subfield code="e">author</subfield>
</datafield>
<datafield tag="720" ind1=" " ind2=" ">
<subfield code="a">García Bustillo, Álvaro</subfield>
<subfield code="e">author</subfield>
</datafield>
<datafield tag="720" ind1=" " ind2=" ">
<subfield code="a">Arnaiz González, Álvar</subfield>
<subfield code="e">author</subfield>
</datafield>
<datafield tag="720" ind1=" " ind2=" ">
<subfield code="a">Diez Pastor, José Francisco</subfield>
<subfield code="e">author</subfield>
</datafield>
<datafield tag="720" ind1=" " ind2=" ">
<subfield code="a">Jahouh, Maha</subfield>
<subfield code="e">author</subfield>
</datafield>
<datafield tag="720" ind1=" " ind2=" ">
<subfield code="a">González Santos, Josefa</subfield>
<subfield code="e">author</subfield>
</datafield>
<datafield tag="720" ind1=" " ind2=" ">
<subfield code="a">González Bernal, Jerónimo</subfield>
<subfield code="e">author</subfield>
</datafield>
<datafield tag="720" ind1=" " ind2=" ">
<subfield code="a">Allende-Río, Marta</subfield>
<subfield code="e">author</subfield>
</datafield>
<datafield tag="720" ind1=" " ind2=" ">
<subfield code="a">Valiñas Sieiro, Florita</subfield>
<subfield code="e">author</subfield>
</datafield>
<datafield tag="720" ind1=" " ind2=" ">
<subfield code="a">Trejo Gabriel y Galán, José Mª</subfield>
<subfield code="e">author</subfield>
</datafield>
<datafield tag="720" ind1=" " ind2=" ">
<subfield code="a">Cubo Delgado, Esther</subfield>
<subfield code="e">author</subfield>
</datafield>
<datafield tag="260" ind1=" " ind2=" ">
<subfield code="c">2023-02</subfield>
</datafield>
<datafield tag="520" ind1=" " ind2=" ">
<subfield code="a">The consolidation of telerehabilitation for the treatment of many diseases over the last&#xd;
decades is a consequence of its cost-effective results and its ability to offer access to rehabilitation in&#xd;
remote areas. Telerehabilitation operates over a distance, so vulnerable patients are never exposed to&#xd;
unnecessary risks. Despite its low cost, the need for a professional to assess therapeutic exercises&#xd;
and proper corporal movements online should also be mentioned. The focus of this paper is on&#xd;
a telerehabilitation system for patients suffering from Parkinson’s disease in remote villages and&#xd;
other less accessible locations. A full-stack is presented using big data frameworks that facilitate&#xd;
communication between the patient and the occupational therapist, the recording of each session,&#xd;
and real-time skeleton identification using artificial intelligence techniques. Big data technologies are&#xd;
used to process the numerous videos that are generated during the course of treating simultaneous&#xd;
patients. Moreover, the skeleton of each patient can be estimated using deep neural networks for&#xd;
automated evaluation of corporal exercises, which is of immense help to the therapists in charge of&#xd;
the treatment programs.</subfield>
</datafield>
<datafield tag="024" ind2=" " ind1="8">
<subfield code="a">http://hdl.handle.net/10259/7536</subfield>
</datafield>
<datafield tag="024" ind2=" " ind1="8">
<subfield code="a">10.3390/healthcare11040507</subfield>
</datafield>
<datafield tag="024" ind2=" " ind1="8">
<subfield code="a">2227-9032</subfield>
</datafield>
<datafield ind1=" " ind2=" " tag="653">
<subfield code="a">Parkinson’s disease</subfield>
</datafield>
<datafield ind1=" " ind2=" " tag="653">
<subfield code="a">Telerehabilitation</subfield>
</datafield>
<datafield ind1=" " ind2=" " tag="653">
<subfield code="a">Telemedicine</subfield>
</datafield>
<datafield ind1=" " ind2=" " tag="653">
<subfield code="a">Big data</subfield>
</datafield>
<datafield ind1=" " ind2=" " tag="653">
<subfield code="a">Artificial intelligence in healthcare</subfield>
</datafield>
<datafield tag="245" ind1="0" ind2="0">
<subfield code="a">A Low-Cost System Using a Big-Data Deep-Learning Framework for Assessing Physical Telerehabilitation: A Proof-of-Concept</subfield>
</datafield>
</record></metadata></record></GetRecord></OAI-PMH>